Normal view
MARC view
Entry Personal Name
001 - CONTROL NUMBER
- control field: 23749
003 - CONTROL NUMBER IDENTIFIER
- control field: UA-OsUOA
005 - DATE AND TIME OF LATEST TRANSACTION
- control field: 20260304124416.0
008 - FIXED-LENGTH DATA ELEMENTS
- fixed length control field: 260304|| aca||aabn | a|a d
040 ## - CATALOGING SOURCE
- Original cataloging agency: UA-OsUOA
- Transcribing agency: UA-OsUOA
100 ## - HEADING--PERSONAL NAME
- Personal name: Perez-Garcia, Manuel
670 ## - SOURCE DATA FOUND
- Source citation: Work cat.: (UA-OsUOA): Perez-Garcia, Manuel. author. (orcid)0000-0003-4520-3760 https://orcid.org/0000-0003-4520-3760 aut http://id.loc.gov/vocabulary/relators/aut, Global History with Chinese Characteristics